[Event "Offene Thüringer Seniorenmeisterschaft"]
[Site "Apolda"]
[Date "2024.02.19"]
[Round "4.27"]
[White "Mankus, Siegfried"]
[Black "Geike, Eberhard"]
[Result "0-1"]
[WhiteElo "1522"]
[BlackElo "1743"]
[PlyCount "111"]
[EventDate "2024.??.??"]
[WhiteTeam "Spvg Zabo-Eintracht Nürnberg e.V"]
[BlackTeam "Telestar Berlin"]

1. d4 e6 2. c4 Nf6 3. Nc3 Be7 4. Bg5 O-O 5. Nf3 d5 6. e3 h6 7. Bxf6 Bxf6 8. Bd3
Nc6 9. a3 a5 10. O-O Qd6 11. cxd5 exd5 12. Rc1 Bg4 13. h3 Be6 14. Rc2 Rac8 15.
Re1 Rfd8 16. Rd2 Ne7 17. Ne2 c6 18. Rc2 Nf5 19. Qd2 Ra8 20. Rec1 Rd7 21. Rc5
Bd8 22. Qc2 Nh4 23. Ne5 Bc7 24. Ng3 Rdd8 25. Nf5 Nxf5 26. Bxf5 Re8 27. g3 h5
28. Bxe6 Rxe6 29. Qf5 f6 30. Nf3 Rae8 31. R5c3 g5 32. Qg6+ Kh8 33. Qh6+ Kg8 34.
Qg6+ Kf8 35. Qc2 Kg7 36. Kh1 Re4 37. Rg1 Qd7 38. Rg2 Qxh3+ 39. Rh2 Qg4 40. Ng1
Qe6 41. Rxh5 Rh8 42. Qe2 Qe8 43. Rxh8 Qxh8+ 44. Kg2 Qc8 45. Kf1 Bb6 46. Qh5 Re8
47. Qh3 g4 48. Qg2 Qf5 49. Rc1 Rxe3 50. Re1 Qd3+ 51. Ne2 Re8 52. f3 gxf3 53.
Qh3 fxe2+ 54. Kg1 Bxd4+ 55. Kg2 Qe4+ 56. Kh2 0-1

[Event "Offene Thüringer Seniorenmeisterschaft"]
[Site "Apolda"]
[Date "2024.02.20"]
[Round "5.1"]
[White "Brüggemann, Joachim"]
[Black "Belke, Frank"]
[Result "1/2-1/2"]
[WhiteElo "2277"]
[BlackElo "2144"]
[PlyCount "24"]
[EventDate "2024.??.??"]
[WhiteTeam "Erfurter SK"]
[BlackTeam "SK Hitzing-Wien"]

1. e4 e6 2. d4 d5 3. Nc3 Bb4 4. e5 Qd7 5. h4 b6 6. Rh3 Ba6 7. Bxa6 Nxa6 8. Qg4
Bf8 9. Qe2 Nb4 10. a3 Nc6 11. Be3 h5 12. Rd1 Nge7 1/2-1/2

[Event "Offene Thüringer Seniorenmeisterschaft"]
[Site "Apolda"]
[Date "2024.02.20"]
[Round "5.2"]
[White "Zipfel, Frank"]
[Black "Cap, Piotr"]
[Result "1/2-1/2"]
[WhiteElo "2146"]
[BlackElo "2105"]
[PlyCount "120"]
[EventDate "2024.??.??"]
[WhiteTeam "fuß brothers Jena"]
[BlackTeam "RPW Okucia Budowlane Lodz"]

1. e4 c6 2. Ne2 d5 3. e5 Bf5 4. Ng3 Bg6 5. h4 h6 6. h5 Bh7 7. d4 e6 8. Bd3 Bxd3
9. cxd3 Bb4+ 10. Kf1 f5 11. Ne2 Qd7 12. Nf4 Ne7 13. a3 Ba5 14. b4 Bb6 15. Be3
a5 16. Nc3 axb4 17. Na4 Ba7 18. axb4 Na6 19. Qb3 O-O 20. Ra2 Nc7 21. Ke2 Nb5
22. Qb2 Rab8 23. Rha1 Kh7 24. g3 Rfc8 25. Kf1 Rg8 26. Kg2 Rge8 27. Ne2 Rg8 28.
Nac3 Bb6 29. Na4 Ba7 30. Nc5 Bxc5 31. bxc5 Qe8 32. Nf4 Qf7 33. Ra4 g5 34. hxg6+
Nxg6 35. Rh1 Nxf4+ 36. Bxf4 h5 37. Qe2 Rg4 38. f3 Rxf4 39. gxf4 Nc3 40. Qc2
Nxa4 41. Qxa4 Qg6+ 42. Kf2 Rg8 43. Ke3 Kh6 44. Qb4 Qg2 45. Qb1 Rg3 46. Rf1 h4
47. Rf2 Qg1 48. Qxg1 Rxg1 49. Rh2 Kh5 50. Kf2 Rd1 51. Ke2 Ra1 52. Kf2 Ra3 53.
Ke3 Rb3 54. Rh1 Rb2 55. Rh3 Rb3 56. Rh2 Rb1 57. Rh3 Re1+ 58. Kf2 Ra1 59. Ke3
Ra2 60. Rxh4+ Kxh4 1/2-1/2

[Event "Offene Thüringer Seniorenmeisterschaft"]
[Site "Apolda"]
[Date "2024.02.20"]
[Round "5.3"]
[White "Prüfer, Friedbert"]
[Black "Sauer, Marko"]
[Result "0-1"]
[WhiteElo "2209"]
[BlackElo "2044"]
[PlyCount "58"]
[EventDate "2024.??.??"]
[WhiteTeam "TSG 1861 Taucha"]
[BlackTeam "SG Arnstadt-Stadtilm"]

1. d4 d5 2. c4 e6 3. Nf3 c6 4. Nc3 dxc4 5. a4 Bb4 6. e3 b5 7. Bd2 Bxc3 8. Bxc3
Nf6 9. axb5 cxb5 10. b3 O-O 11. bxc4 bxc4 12. Bxc4 Qc7 13. Qd3 Nc6 14. O-O Bb7
15. Rfc1 a5 16. Bb5 Rfc8 17. Bd2 Qb6 18. Rcb1 Nb4 19. Qf1 Be4 20. Bxb4 axb4 21.
Rxa8 Rxa8 22. Rb2 Qa5 23. Bc4 Rc8 24. Ne5 Nd5 25. Bxd5 Bxd5 26. Nd3 Qa3 27. Rd2
b3 28. Qe2 Bc4 29. h3 b2 0-1

[Event "Offene Thüringer Seniorenmeisterschaft"]
[Site "Apolda"]
[Date "2024.02.20"]
[Round "5.4"]
[White "Welke, Klaus"]
[Black "Heck, Norbert"]
[Result "1/2-1/2"]
[WhiteElo "2140"]
[BlackElo "2019"]
[PlyCount "20"]
[EventDate "2024.??.??"]
[WhiteTeam "SF Nordost Berlin"]
[BlackTeam "SF Neuberg"]

1. d4 g6 2. c4 Bg7 3. Nc3 d6 4. e4 Nc6 5. Be3 e5 6. d5 Nce7 7. Bd3 f5 8. f3 Nf6
9. Qd2 O-O 10. Nge2 Bd7 1/2-1/2

[Event "Offene Thüringer Seniorenmeisterschaft"]
[Site "Apolda"]
[Date "2024.02.20"]
[Round "5.5"]
[White "Brandes, Stephan"]
[Black "Sielicki, Tomasz"]
[Result "1-0"]
[WhiteElo "2128"]
[BlackElo "1975"]
[PlyCount "59"]
[EventDate "2024.??.??"]
[WhiteTeam "Hildesheimer SV"]
[BlackTeam "Trojan Horse Warsaw"]

1. d4 d5 2. Nf3 c5 3. e3 Nc6 4. c3 Nf6 5. Bd3 Bg4 6. Nbd2 e5 7. dxe5 Nxe5 8.
Bb5+ Nc6 9. h3 Bd7 10. O-O a6 11. Bd3 Be7 12. Qc2 O-O 13. e4 dxe4 14. Nxe4 h6
15. Be3 Nxe4 16. Bxe4 Qc7 17. Rad1 Rad8 18. Rd5 Be6 19. Rh5 f5 20. Bxf5 Bf7 21.
Bg6 b6 22. Bxh6 gxh6 23. Rxh6 Rd6 24. Re1 Bxg6 25. Rxg6+ Rxg6 26. Qxg6+ Kh8 27.
Re6 Nd8 28. Qh5+ Kg8 29. Rg6+ Kf7 30. Rc6+ 1-0

[Event "Offene Thüringer Seniorenmeisterschaft"]
[Site "Apolda"]
[Date "2024.02.20"]
[Round "5.7"]
[White "Krüger, Erich"]
[Black "Schrems, Hermann"]
[Result "0-1"]
[WhiteElo "2137"]
[BlackElo "2040"]
[PlyCount "100"]
[EventDate "2024.??.??"]
[WhiteTeam "SF Essen-Katernberg 04/32 e.V."]
[BlackTeam "SC Emmendingen 1937 e.V."]

1. d4 d5 2. c4 dxc4 3. Nf3 Nf6 4. Nc3 a6 5. e4 b5 6. e5 Nd5 7. a4 Nxc3 8. bxc3
Bb7 9. e6 f6 10. Be3 Qd5 11. Be2 Qxe6 12. Nh4 g6 13. Qb1 Qe4 14. Qxe4 Bxe4 15.
O-O Nd7 16. axb5 axb5 17. Rxa8+ Bxa8 18. Ra1 Bd5 19. Ra7 c6 20. g4 g5 21. Nf5
e6 22. Ng3 Bd6 23. Nh5 Rf8 24. f4 h6 25. f5 Bb8 26. Ra6 exf5 27. Ng7+ Kd8 28.
gxf5 Kc8 29. Ne6 Re8 30. Bg4 Kb7 31. Ra1 Bd6 32. Kf2 Ra8 33. Rxa8 Kxa8 34. h4
Kb8 35. Bh5 Kc8 36. Bf3 Nb6 37. Bd2 Na4 38. hxg5 hxg5 39. Bd1 Kd7 40. Ng7 Ba3
41. Nh5 Ke7 42. Ng3 Bb2 43. Ne2 Be4 44. Ng3 Bd3 45. Bf3 Bxc3 46. Ke3 Bxd2+ 47.
Kxd2 Kd6 48. Be4 Bxe4 49. Nxe4+ Ke7 50. Kc2 Nb6 0-1

[Event "Offene Thüringer Seniorenmeisterschaft"]
[Site "Apolda"]
[Date "2024.02.20"]
[Round "5.9"]
[White "Einax, Claus-Dieter"]
[Black "Waltenberger, Udo"]
[Result "1/2-1/2"]
[WhiteElo "2056"]
[BlackElo "1987"]
[PlyCount "80"]
[EventDate "2024.??.??"]
[WhiteTeam "TSG Apolda"]
[BlackTeam "SV Eiche Reichenbrand"]

1. e4 c5 2. Nc3 Nc6 3. g3 g6 4. Bg2 Bg7 5. d3 d6 6. Nge2 e5 7. O-O Be6 8. Be3
Nge7 9. Qd2 Nd4 10. f4 O-O 11. h3 Qd7 12. Kh2 Rab8 13. Ng1 b5 14. Nd1 b4 15. c3
bxc3 16. bxc3 Ndc6 17. Nf3 f6 18. Nf2 Rfd8 19. Rab1 c4 20. d4 d5 21. fxe5 Rxb1
22. Rxb1 fxe5 23. dxe5 dxe4 24. Qxd7 Rxd7 25. Nxe4 Bf5 26. Nd4 Bxe5 27. Rd1
Nxd4 28. cxd4 Bxe4 29. Bxe4 Nf5 30. Bxf5 gxf5 31. Kg2 c3 32. Kf3 Bd6 33. Rc1
Rc7 34. Rc2 Kf7 35. Bf4 Bxf4 36. Kxf4 Ke6 37. Ke3 Kd5 38. Kd3 Rc4 39. Rxc3
Rxd4+ 40. Ke3 Ra4 1/2-1/2

[Event "Offene Thüringer Seniorenmeisterschaft"]
[Site "Apolda"]
[Date "2024.02.20"]
[Round "5.11"]
[White "Wünsch, Ulrich"]
[Black "Brömel, Richard"]
[Result "0-1"]
[WhiteElo "1936"]
[BlackElo "2148"]
[PlyCount "88"]
[EventDate "2024.??.??"]
[WhiteTeam "USG Chemnitz"]
[BlackTeam "SV Schott Jena"]

1. d4 d5 2. Nc3 c6 3. Bf4 g6 4. e3 Bg7 5. h4 h5 6. Nf3 Bf5 7. Qd2 Nd7 8. Be2
Ngf6 9. Ng5 b5 10. f3 Nb6 11. b3 Rc8 12. Nd1 Qd7 13. Rc1 Nh7 14. Nxh7 Rxh7 15.
Nb2 Kf8 16. c4 bxc4 17. bxc4 f6 18. cxd5 Nxd5 19. Bg3 Bh6 20. Bf2 Kg7 21. Nc4
Rhh8 22. O-O Rhe8 23. Rfd1 Be6 24. Na5 Qd6 25. Rc5 Rc7 26. Rdc1 Bd7 27. f4 Rb8
28. g3 Qe6 29. Bc4 Rcc8 30. a3 Qe4 31. Bd3 Qf3 32. Be2 Qe4 33. Ba6 Rc7 34. Bd3
Qf3 35. Bf1 e6 36. Bg2 Qg4 37. Nxc6 Rb3 38. Bxd5 exd5 39. Nb4 Rxc5 40. dxc5 Bf5
41. Nxd5 Be4 42. Nxf6 Rd3 43. Qb2 Rd1+ 44. Be1 Qxg3+ 0-1

[Event "Offene Thüringer Seniorenmeisterschaft"]
[Site "Apolda"]
[Date "2024.02.20"]
[Round "5.12"]
[White "Flis, Pawel"]
[Black "Feld-Gerdes, Wolfgang"]
[Result "0-1"]
[WhiteElo "1932"]
[BlackElo "2097"]
[Annotator "Ruether,Rudolf"]
[PlyCount "136"]
[EventDate "2024.??.??"]
[WhiteTeam "RPW Okucia Budowlane Lodz"]
[BlackTeam "SC Suhl"]

1. e4 c5 2. Nf3 e6 3. d4 cxd4 4. Nxd4 Nc6 5. Nc3 Qc7 6. Be3 a6 7. Be2 b5 8. O-O
Bb7 9. f4 Rc8 10. Nb3 d6 11. a3 Nf6 12. Kh1 Be7 13. Qe1 h5 14. Qg3 Kf8 15. Rae1
Nb8 16. e5 h4 17. Qh3 Nd5 18. Nxd5 Bxd5 19. Nd4 Nc6 20. c3 Kg8 21. Nxc6 Qxc6
22. Bd4 Rh6 23. Bf3 Bxf3 24. Rxf3 g6 25. exd6 Qxd6 26. Rfe3 Bf8 27. Qf3 Rh5 28.
Be5 Qc5 29. Rd3 Bg7 30. Bxg7 Kxg7 31. Red1 h3 32. g4 Rhh8 33. Qe3 Qc6+ 34. Qf3
Qc4 35. Rd4 Qb3 36. Qe2 Rc5 37. Kg1 a5 38. R1d2 g5 39. Qd1 Qxd1+ 40. Rxd1 gxf4
41. Rxf4 e5 42. Re4 Rh4 43. Rde1 f5 44. gxf5 Rxe4 45. Rxe4 Kf6 46. Rh4 Rd5 47.
b3 Rd2 48. Rxh3 Ra2 49. Rh6+ Kxf5 50. Rb6 Rxa3 51. Rxb5 Ra2 52. c4 Kf4 53. Rb8
e4 54. Rf8+ Kg4 55. Rf2 Ra3 56. Rb2 Kf3 57. Rb1 e3 58. h4 Ra2 59. h5 Rg2+ 60.
Kh1 Rg5 61. b4 Rxh5+ 62. Kg1 Rg5+ 63. Kh2 Kf2 64. Kh3 axb4 65. Rxb4 e2 66. Rb2
Kf1 67. Kh4 Rc5 68. Kh3 e1=Q 0-1

[Event "Offene Thüringer Seniorenmeisterschaft"]
[Site "Apolda"]
[Date "2024.02.20"]
[Round "5.13"]
[White "Rost, Detlef"]
[Black "Haubt, Georg"]
[Result "0-1"]
[WhiteElo "1894"]
[BlackElo "2051"]
[Annotator "Ruether,Rudolf"]
[PlyCount "68"]
[EventDate "2024.??.??"]
[WhiteTeam "SV Medizin Erfurt"]
[BlackTeam "SV Oberursel"]

1. d4 Nf6 2. c4 e6 3. Nf3 b6 4. g3 Bb7 5. Bg2 c5 6. d5 exd5 7. Nh4 g6 8. O-O
Bg7 9. Nc3 O-O 10. Nxd5 Nxd5 11. Bxd5 Nc6 12. Nf3 h6 13. h4 Qc8 14. Bf4 Re8 15.
Qd2 Na5 16. Bxh6 Bxd5 17. Bxg7 Kxg7 18. Qc3+ f6 19. cxd5 Rxe2 20. Rfe1 Rxe1+
21. Rxe1 Qf8 22. h5 Re8 23. hxg6 Rxe1+ 24. Qxe1 Nc4 25. b3 Nd6 26. Nh4 b5 27.
Qe3 c4 28. Qxa7 Qe7 29. Kf1 c3 30. Qc5 b4 31. Qxb4 Qe5 32. Nf3 Qxd5 33. Qxc3
Ne4 34. Ke2 $4 Nxc3+ 0-1

[Event "Offene Thüringer Seniorenmeisterschaft"]
[Site "Apolda"]
[Date "2024.02.20"]
[Round "5.14"]
[White "Czyz, Andrzej"]
[Black "Heller, Achim"]
[Result "0-1"]
[WhiteElo "1803"]
[BlackElo "2037"]
[PlyCount "98"]
[EventDate "2024.??.??"]
[WhiteTeam "Hetman Wschowa"]
[BlackTeam "SG Ennepe-Ruhr-Süd e.V."]

1. d4 d5 2. c4 e6 3. Nf3 Nf6 4. Nc3 Be7 5. Bf4 O-O 6. e3 b6 7. cxd5 Nxd5 8. Bd3
Nxf4 9. exf4 Bb7 10. O-O Nd7 11. Re1 Nf6 12. Ne5 g6 13. Bc2 Nd5 14. Nxd5 Bxd5
15. Qg4 f5 16. Qh3 Bf6 17. Rad1 Rc8 18. Bb3 c6 19. Re3 Rc7 20. Rg3 Bxb3 21.
Rxb3 Bxe5 22. fxe5 Rd7 23. Rbd3 Rd5 24. f4 Rf7 25. Qe3 Rfd7 26. b4 c5 27. bxc5
bxc5 28. Kf1 cxd4 29. Qc1 Rc7 30. Qb2 Rcd7 31. g3 h6 32. h4 Kh7 33. Kf2 Kg8 34.
Rc1 Kf7 35. Rc4 g5 36. hxg5 hxg5 37. Kg1 g4 38. Rb4 Qa5 39. a3 Qc5 40. Rb7 Kg6
41. Rxd7 Rxd7 42. Qb3 Qc6 43. Rd2 Rh7 44. Rg2 Qc1+ 45. Kf2 Qd2+ 46. Kf1 Rh1+
47. Rg1 Qc1+ 48. Ke2 Rh2+ 49. Kd3 Rd2# 0-1

[Event "Offene Thüringer Seniorenmeisterschaft"]
[Site "Apolda"]
[Date "2024.02.20"]
[Round "5.15"]
[White "Witte, Ronald"]
[Black "Lehmann, Joachim"]
[Result "1/2-1/2"]
[WhiteElo "1994"]
[BlackElo "1886"]
[PlyCount "56"]
[EventDate "2024.??.??"]
[WhiteTeam "BSV 63 Chemie Weißensee"]
[BlackTeam "Ilmenauer SV"]

1. d4 d5 2. Nf3 Nf6 3. e3 e6 4. Bd3 c5 5. b3 Nc6 6. a3 Be7 7. O-O O-O 8. Bb2 a6
9. c4 cxd4 10. exd4 b6 11. Nbd2 Bb7 12. Qe2 Rc8 13. Rac1 h6 14. Rfd1 Na5 15. c5
b5 16. Bc3 Ne4 17. Nxe4 dxe4 18. Bxe4 Bxe4 19. Qxe4 Nxb3 20. Rb1 Na5 21. Ne5
Bf6 22. Bxa5 Qxa5 23. Nd7 Rfd8 24. Nxf6+ gxf6 25. Rd3 Rd5 26. h4 f5 27. Qf4 Kh7
28. Rc1 Qd8 1/2-1/2

[Event "Offene Thüringer Seniorenmeisterschaft"]
[Site "Apolda"]
[Date "2024.02.20"]
[Round "5.16"]
[White "Stetefeldt, Mario"]
[Black "Paus, Franz"]
[Result "1/2-1/2"]
[WhiteElo "1550"]
[BlackElo "1958"]
[PlyCount "107"]
[EventDate "2024.??.??"]
[WhiteTeam "SC 1998 Gotha"]
[BlackTeam "Schachfüchse Kempen 1986 e.V."]

1. e4 c5 2. Nf3 d6 3. d4 cxd4 4. Nxd4 Nf6 5. Nc3 g6 6. Be3 Nc6 7. Qd2 Bg7 8. f3
Bd7 9. O-O-O a6 10. Bc4 Ne5 11. Bb3 b5 12. Bh6 O-O 13. Bxg7 Kxg7 14. h4 Nc4 15.
Bxc4 bxc4 16. h5 Rh8 17. Nde2 Qa5 18. h6+ Kf8 19. Nd5 Qxd2+ 20. Rxd2 Nxd5 21.
exd5 Rc8 22. Re1 f5 23. f4 Kf7 24. c3 Rc5 25. b4 Rc7 26. Rb2 Rb8 27. Kd2 e6 28.
dxe6+ Bxe6 29. a4 Bd5 30. g3 Re7 31. Nd4 Rxe1 32. Kxe1 Be4 33. b5 axb5 34. axb5
g5 35. Ra2 gxf4 36. Ra7+ Kg6 37. gxf4 Kxh6 38. Rf7 Kg6 39. Re7 Ra8 40. Re6+ Kh5
41. Rxd6 Kg4 42. Rh6 Kxf4 43. Rxh7 Ra2 44. b6 Rb2 45. Rh6 Ke5 46. Nc6+ Kd5 47.
Nb4+ Kc5 48. Na6+ Kb5 49. Nb4 Ka4 50. Rh7 Kb3 51. b7 Bxb7 52. Rxb7 Kxc3 53.
Nd5+ Kc2 54. Ne3+ 1/2-1/2

[Event "Offene Thüringer Seniorenmeisterschaft"]
[Site "Apolda"]
[Date "2024.02.20"]
[Round "5.17"]
[White "Gast, Rainer"]
[Black "Streit, Jürgen"]
[Result "1-0"]
[WhiteElo "1929"]
[BlackElo "1827"]
[PlyCount "57"]
[EventDate "2024.??.??"]
[WhiteTeam "SV Breitenworbis"]
[BlackTeam "Schachzirkel Elstertal Langenb."]

1. d4 d5 2. c4 Bf5 3. Qb3 e5 4. Qxb7 Nd7 5. e3 Rb8 6. Qc6 Bxb1 7. Rxb1 Bb4+ 8.
Kd1 Rb6 9. Qa4 Qf6 10. Nf3 Qf5 11. Nxe5 Ngf6 12. Bd3 Qe6 13. c5 Rb8 14. Bb5
Rxb5 15. Qxb5 Bxc5 16. Nxd7 Nxd7 17. dxc5 O-O 18. Bd2 Rb8 19. Qe2 Qe4 20. Rc1
Rxb2 21. f3 Qa4+ 22. Ke1 Qxa2 23. Qd3 h6 24. Qd4 f6 25. f4 Nf8 26. Rf1 Ng6 27.
Rf2 Ne7 28. Re2 Nc6 29. Qd3 1-0

[Event "Offene Thüringer Seniorenmeisterschaft"]
[Site "Apolda"]
[Date "2024.02.20"]
[Round "5.18"]
[White "Von Otte, Wilhelm"]
[Black "Mitschka, Manfred"]
[Result "1-0"]
[WhiteElo "2103"]
[BlackElo "1740"]
[PlyCount "105"]
[EventDate "2024.??.??"]
[WhiteTeam "TSG Ruhla"]
[BlackTeam "SK Neuburg"]

1. e4 e6 2. d4 d5 3. Nc3 Nf6 4. Bg5 dxe4 5. Nxe4 Be7 6. Bd3 Bd7 7. Bxf6 Bxf6 8.
Nxf6+ Qxf6 9. Qf3 Qxd4 10. Qxb7 Bc6 11. Qc8+ Qd8 12. Qxd8+ Kxd8 13. O-O-O Ke7
14. Ne2 Nd7 15. Nd4 Bb7 16. Bb5 Nb8 17. Rhe1 a6 18. Ba4 g6 19. f3 Rd8 20. h4
Bd5 21. h5 Rd6 22. hxg6 hxg6 23. Ne2 Bc6 24. Bb3 Nd7 25. Rxd6 cxd6 26. Nd4 Bb7
27. Nxe6 Ne5 28. Nc5 Bc6 29. Nd3 Kf6 30. Nb4 Bb7 31. f4 Nc6 32. Nd5+ Kg7 33.
Nc7 Rd8 34. Bd5 Rd7 35. Nxa6 Bxa6 36. Bxc6 Rc7 37. Bf3 Bc4 38. Rd1 Rd7 39. b3
Be6 40. Kb2 Kf6 41. g4 d5 42. a4 d4 43. a5 Rd6 44. Be2 Bc8 45. b4 Ke6 46. Kb3
f6 47. Bc4+ Ke7 48. Re1+ Kd8 49. g5 f5 50. b5 Bb7 51. Re6 Rxe6 52. Bxe6 d3 53.
cxd3 1-0

[Event "Offene Thüringer Seniorenmeisterschaft"]
[Site "Apolda"]
[Date "2024.02.20"]
[Round "5.19"]
[White "Schmidt, Matthias"]
[Black "Schmid, Walter"]
[Result "1/2-1/2"]
[WhiteElo "1888"]
[BlackElo "1730"]
[PlyCount "88"]
[EventDate "2024.??.??"]
[WhiteTeam "SC Wolfratshausen 1948 e.V."]
[BlackTeam "TSG Apolda"]

1. d4 Nf6 2. c4 c6 3. Nc3 d5 4. cxd5 cxd5 5. Nf3 Nc6 6. Bf4 e6 7. e3 a6 8. Rc1
Nh5 9. Bg3 Nxg3 10. hxg3 Bd6 11. Bd3 f5 12. a3 Qf6 13. Nh4 Qf7 14. f4 Bd7 15.
Be2 Ke7 16. Kf2 g6 17. Nf3 h6 18. Ne5 Bxe5 19. dxe5 b5 20. Qd2 h5 21. Bf3 Rhd8
22. Ne2 Ke8 23. Nd4 Rdc8 24. Nxc6 Bxc6 25. Rc5 Bb7 26. Rhc1 Qd7 27. Qd4 Rxc5
28. Rxc5 Rc8 29. Ke2 Rxc5 30. Qxc5 Qc6 31. Qxc6+ Bxc6 32. Kd3 Kd7 33. Kd4 Kc7
34. Kc5 Bd7 35. Be2 Bc8 36. Bd1 Bd7 37. Bc2 Bc6 38. Bd3 Bb7 39. b3 Bc6 40. a4
bxa4 41. bxa4 Bxa4 42. Bxa6 Bd7 43. Bd3 Be8 44. Be2 Bc6 1/2-1/2

[Event "Offene Thüringer Seniorenmeisterschaft"]
[Site "Apolda"]
[Date "2024.02.20"]
[Round "5.20"]
[White "Schulz, Uwe"]
[Black "Klein, Gernot"]
[Result "1/2-1/2"]
[WhiteElo "1867"]
[BlackElo "1680"]
[PlyCount "112"]
[EventDate "2024.??.??"]
[WhiteTeam "SV Schott Jena"]
[BlackTeam "Post-Telekom SV 1925 Aachen e.V."]

1. d4 d5 2. c4 e6 3. Nf3 Nf6 4. g3 Bb4+ 5. Bd2 Bd6 6. Bg2 O-O 7. O-O c6 8. Qc2
Nbd7 9. Bg5 h6 10. Bxf6 Nxf6 11. Nbd2 Bd7 12. Rfd1 Rc8 13. c5 Be7 14. Ne5 Be8
15. b4 Nd7 16. Ndf3 Nxe5 17. Nxe5 Bf6 18. f4 g6 19. Bh3 Qe7 20. Rd3 Bg7 21. Re3
Kh7 22. Rd1 Rg8 23. Kh1 f6 24. Nf3 f5 25. Nh4 Qf7 26. Nf3 Bf6 27. Ne5 Qg7 28.
Rg1 g5 29. Qb1 Bxe5 30. Rxe5 g4 31. Bf1 Bd7 32. h4 gxh3 33. Bxh3 Qf6 34. Qd3
Kh8 35. Qf3 Rcf8 36. Rg2 Be8 37. Kg1 Rg7 38. Kf2 Bg6 39. Ke3 Qe7 40. Kd3 Qe8
41. Kc3 Rfg8 42. Qe3 Re7 43. g4 fxg4 44. Rxg4 Be4 45. Rxg8+ Kxg8 46. f5 exf5
47. Rxe7 Qxe7 48. Qxh6 Qf7 49. Qg5+ Kh7 50. Kd2 Bb1 51. e3 Be4 52. Ke2 b6 53.
Kf2 bxc5 54. bxc5 a5 55. Qh4+ Kg7 56. Qg5+ Qg6 1/2-1/2

[Event "Offene Thüringer Seniorenmeisterschaft"]
[Site "Apolda"]
[Date "2024.02.20"]
[Round "5.21"]
[White "Guder, Sibylle"]
[Black "Reimers, Christine"]
[Result "1-0"]
[WhiteElo "1815"]
[BlackElo "1605"]
[PlyCount "105"]
[EventDate "2024.??.??"]
[WhiteTeam "SF Berlin 1903 e.V."]
[BlackTeam "Itzehoer SV von 1923"]

1. c4 f5 2. Nc3 Nf6 3. d3 e5 4. g3 g6 5. Bg2 Bg7 6. e3 c6 7. Nge2 d6 8. Rb1 O-O
9. O-O Nbd7 10. b4 Qc7 11. a4 a6 12. Bd2 Re8 13. b5 axb5 14. axb5 Nc5 15. bxc6
bxc6 16. Qc2 e4 17. d4 Ncd7 18. Qb3 Kh8 19. Rfc1 Ba6 20. Bf1 Reb8 21. Qa2 Rxb1
22. Rxb1 Bb7 23. Qb3 Bc8 24. Nf4 Rb8 25. Qa2 Rxb1 26. Qxb1 Nf8 27. Na4 g5 28.
Ne2 Ne6 29. Qb3 Ng8 30. Qa3 Bf8 31. Qb2 Bg7 32. Bc3 d5 33. c5 Qb7 34. Qxb7 Bxb7
35. Nc1 f4 36. Nb3 Nd8 37. Nb6 fxe3 38. fxe3 Nf6 39. h3 g4 40. h4 Ne8 41. Be2
h5 42. Ba5 Bf6 43. Nd7 Be7 44. Ne5 Kg7 45. Bb6 Kf6 46. Na5 Ba8 47. Ba6 Ng7 48.
Bc8 Nf5 49. Kf2 Ne6 50. Naxc6 Bxc6 51. Nxc6 Nfg7 52. Nb4 Ne8 53. Nxd5+ 1-0

[Event "Offene Thüringer Seniorenmeisterschaft"]
[Site "Apolda"]
[Date "2024.02.20"]
[Round "5.22"]
[White "Dötzel, Hartwig"]
[Black "Auerswald, Klaus"]
[Result "1-0"]
[WhiteElo "1794"]
[BlackElo "1669"]
[PlyCount "45"]
[EventDate "2024.??.??"]
[WhiteTeam "USV TU Dresden"]
[BlackTeam "SV Jenapharm Jena"]

1. e4 e5 2. Nf3 Nc6 3. Bb5 a6 4. Ba4 b5 5. Bb3 Na5 6. c3 Nxb3 7. Qxb3 d5 8.
Qxd5 Qxd5 9. exd5 e4 10. Nd4 Nf6 11. a4 Bc5 12. axb5 Bxd4 13. cxd4 Nxd5 14. Nc3
Nb4 15. O-O Bb7 16. b3 O-O 17. Ba3 a5 18. Rfe1 Rfe8 19. Bxb4 axb4 20. Rxa8 Bxa8
21. Na4 Rd8 22. Rc1 Rd7 23. Rc4 1-0

[Event "Offene Thüringer Seniorenmeisterschaft"]
[Site "Apolda"]
[Date "2024.02.20"]
[Round "5.23"]
[White "Geike, Eberhard"]
[Black "Stern, Geoffrey"]
[Result "0-1"]
[WhiteElo "1743"]
[BlackElo "1967"]
[PlyCount "122"]
[EventDate "2024.??.??"]
[WhiteTeam "Telestar Berlin"]
[BlackTeam "Gambit Bonnevoie"]

1. e4 e6 2. f4 d5 3. e5 c5 4. Nf3 Nc6 5. Be2 Bd7 6. O-O Be7 7. Kh1 Nh6 8. d4
O-O 9. c4 dxc4 10. Bxc4 cxd4 11. Nxd4 Qb6 12. Nxc6 Bxc6 13. Nc3 Rfd8 14. Qe2
Nf5 15. Bd3 Nh6 16. Be3 Qa5 17. Ne4 Rxd3 18. Qxd3 Bb5 19. Qd1 Bxf1 20. Qxf1 Qb4
21. Qb1 a6 22. Qc2 Rd8 23. Rc1 Nf5 24. Bd2 Qd4 25. Re1 h5 26. g3 Qd5 27. Kg2
Qxa2 28. Kh3 Qd5 29. Bc3 Rd7 30. Qa4 Rd8 31. Ba5 Qd4 32. Qb3 Rd7 33. Qc2 b6 34.
Bc3 Qd3 35. Qa4 Rd8 36. Qc6 h4 37. Qxb6 hxg3 38. hxg3 Qf3 39. Qf2 Qd3 40. Qe2
Qxe2 41. Rxe2 Rd3 42. Nf2 Rxg3+ 43. Kh2 Rg6 44. Re1 Bc5 45. Ne4 Be3 46. Ra1
Bxf4+ 47. Kh1 Nh4 48. Rxa6 Nf3 49. Ra1 Bxe5 50. Bxe5 Nxe5 51. Nd6 Nf3 52. Rf1
Rf6 53. b4 e5 54. b5 Rxd6 55. Rxf3 Rb6 56. Rb3 Kf8 57. Kg2 Ke7 58. Kf3 Kd6 59.
Ke4 Ke6 60. Rb4 f5+ 61. Ke3 g5 0-1

[Event "Offene Thüringer Seniorenmeisterschaft"]
[Site "Apolda"]
[Date "2024.02.20"]
[Round "5.24"]
[White "Lein, Andreas"]
[Black "Schmieder, Siegfried"]
[Result "0-1"]
[WhiteElo "1709"]
[BlackElo "1857"]
[PlyCount "98"]
[EventDate "2024.??.??"]
[WhiteTeam "Erfurter SK"]
[BlackTeam "SG Schwäbisch Gmünd 1872 e.V"]

1. d4 f5 2. Nf3 g6 3. g3 Bg7 4. Bg2 Nf6 5. O-O O-O 6. c3 d5 7. Bg5 Ne4 8. Bf4
e6 9. Nbd2 Nd7 10. Nxe4 fxe4 11. Ne5 g5 12. Nxd7 gxf4 13. Nxf8 Qxf8 14. f3 e3
15. g4 c6 16. h3 Bf6 17. Rc1 a5 18. a3 Qg7 19. b4 e5 20. c4 dxc4 21. dxe5 Bxe5
22. Qd8+ Qf8 23. Qxf8+ Kxf8 24. Rxc4 Ke7 25. Rc5 Bd6 26. Rh5 axb4 27. axb4 Ra2
28. Rxh7+ Ke6 29. Rd1 Rd2 30. Rb1 Rxe2 31. Bf1 Rd2 32. Bc4+ Ke5 33. Kf1 b5 34.
Be2 Be6 35. h4 Bc4 36. Bxc4 bxc4 37. Rd7 Rh2 38. Kg1 Rxh4 39. b5 cxb5 40. Rxb5+
Ke6 41. Rg7 c3 42. Rg6+ Kd7 43. Rb3 Bc5 44. Kf1 c2 45. Rg7+ Kc6 46. Rg6+ Kd7
47. Rb7+ Kc8 48. Rc6+ Kxb7 49. Rxc5 Rh1+ 0-1

[Event "Offene Thüringer Seniorenmeisterschaft"]
[Site "Apolda"]
[Date "2024.02.20"]
[Round "5.25"]
[White "Langner, Hans-Rainer"]
[Black "Schreyer, Klaus"]
[Result "0-1"]
[WhiteElo "1583"]
[BlackElo "1842"]
[PlyCount "142"]
[EventDate "2024.??.??"]
[WhiteTeam "Tempelhofer SV Mariendorf 1897"]
[BlackTeam "SV 1910 Kahla"]

1. d4 Nf6 2. c4 e6 3. a3 c5 4. Nc3 cxd4 5. Qxd4 Nc6 6. Qh4 Be7 7. Qg3 Nd4 8.
Qd3 Nb3 9. Rb1 b6 10. e4 Bb7 11. Be3 Ng4 12. Nf3 Nxe3 13. Qxe3 d6 14. Be2 O-O
15. O-O a6 16. Rfd1 Qc7 17. Na4 Nc5 18. Nxc5 dxc5 19. Rd3 Rad8 20. Ne1 Bd6 21.
g3 Be5 22. Nc2 Rd6 23. Rxd6 Bxd6 24. Bf3 Be5 25. Be2 Rd8 26. b4 Bd4 27. Nxd4
cxd4 28. Qd3 e5 29. Rc1 Qc6 30. f3 Qh6 31. Rc2 Rc8 32. Kg2 Qc6 33. Qb3 Qe6 34.
Bd3 Bc6 35. a4 Bd7 36. g4 h5 37. h3 h4 38. Rf2 Qh6 39. Qc2 Qf4 40. Kh1 Qg3 41.
Bf1 Bxa4 42. Qa2 Bd1 43. Bg2 d3 44. Qd2 Be2 45. Rxe2 dxe2 46. Qxe2 Rd8 47. c5
bxc5 48. bxc5 Qf4 49. c6 Qc1+ 50. Bf1 Qxc6 51. Qxa6 Qxa6 52. Bxa6 Ra8 53. Bc4
Ra3 54. Kg2 Rc3 55. Bd5 Rc2+ 56. Kg1 Kf8 57. Ba8 Ke7 58. Bd5 f6 59. Bg8 Rc8 60.
Bd5 Rd8 61. Kf2 Rxd5 62. exd5 Kd6 63. Ke3 Kxd5 64. f4 g5 65. fxg5 fxg5 66. Kd3
e4+ 67. Ke3 Ke5 68. Kd2 Kf4 69. Ke2 Kg3 70. Ke3 Kxh3 71. Kxe4 Kxg4 0-1